| 000 | 00871nam a2200229 a 4500 | ||
|---|---|---|---|
| 001 | 40197 | ||
| 003 | BD-RjUL | ||
| 005 | 20211209053147.0 | ||
| 008 | 160424s1974 bg ||||| |||| 00| 0 ben d | ||
| 020 | _c: TK. 12.00 | ||
| 035 | _a(BD-RjUL)40312 | ||
| 040 |
_aBD-RjUL _bben _cBD-RjUL |
||
| 041 | _aben | ||
| 082 |
_223 _a305.697 _bHAS 1974 |
||
| 100 |
_aহবিবুল্লাহ, আবু মহামেদ _9123785 |
||
| 245 | 1 | 0 |
_aসমাজ, সংস্কৃতি ও ইতিহাস / _cআবু মহামেদ হবিবুল্লাহ |
| 260 |
_aঢাকা : _bবাংলা একাডেমী, _c১৯৭৪ |
||
| 300 |
_a[৫] ১৮৪ পৃ. ; _c২০ সেমি. |
||
| 650 |
_aধর্মীয় সম্প্রদায় _xইসলাম _9127684 |
||
| 650 |
_aReligious Groups _xIslam _9127685 |
||
| 942 |
_2ddc _cBK |
||
| 999 |
_c40197 _d40197 |
||